| 000 | 00482nam a2200169 i 4500 | ||
|---|---|---|---|
| 001 | 125630 | ||
| 003 | ES-MaACL | ||
| 005 | 20230906192653.0 | ||
| 007 | t| | ||
| 008 | 070621s1957 sp ||||1| spa d | ||
| 100 | 1 |
_aZilahy, Lajos. _9118252 |
|
| 245 | 1 | 2 |
_aEl desertor / _cLajos Zilahy ; [versión de F. Oliver Brachfeld]. |
| 260 |
_aBarcelona : _bCisne, _c1957. |
||
| 300 |
_a255 p. ; _c18 cm. |
||
| 700 | 1 |
_aOliver Brachfeld, F. _986832 |
|
| 852 |
_aES-MaACL _jC-13950 _bR.41429 |
||
| 999 |
_c125630 _d125630 |
||